|
|
|
|
| LEADER |
00882nam a2200229 a 4500 |
| 008 |
100214s2007 enka b 000 0 eng d |
| 020 |
|
|
|a 984323877X
|
| 040 |
|
|
|a BD-DhAA
|c BD-DhAA
|d BD-DhAA
|
| 082 |
0 |
0 |
|a 338.95492
|2 20
|
| 100 |
1 |
|
|a Ahmed,Zia Uddin.
|
| 245 |
0 |
0 |
|a Science and technology in Bangladesh /
|c Zia Uddin Ahmed.
|
| 260 |
|
|
|a Dhaka :
|b Hasan Book House,
|c 2007
|
| 300 |
|
|
|a ii, 307 p. :
|b ill. ;
|c 22 cm.
|
| 504 |
|
|
|a Includes bibliographical references.
|
| 541 |
1 |
|
|e 00015836
|
| 650 |
|
0 |
|a Science
|z Bangladesh
|
| 650 |
|
0 |
|a Technology
|z Bangladesh
|
| 650 |
|
0 |
|a Science and state
|z Bangladesh
|
| 650 |
|
0 |
|a Technology and state
|z Bangladesh
|
| 852 |
4 |
|
|a Ayesha Abed Library
|j General shelf
|
| 999 |
|
|
|c 7503
|d 7503
|
| 952 |
|
|
|0 0
|1 0
|2 ddc
|4 0
|6 338_954920000000000_AHM_2007
|7 0
|9 8085
|a BRACUL
|b BRACUL
|c GEN
|d 2010-02-14
|l 1
|m 2
|o 338.95492 AHM
|p 3010015836
|r 2021-11-08
|s 2021-06-01
|t 1
|w 2010-02-14
|y BK
|